Ekonomické krízy a migrácia bakalárska práca

Na minha lista:
Detalhes bibliográficos
Autor principal: Herda, Kristián
Autor Corporativo: Fakulta medzinárodných vzťahov EU. Katedra medzinárodných ekonomických vzťahov a hospodárskej diplomacie
Outros Autores: Kiner, Andrej, 1996-
Formato: Livro
Idioma:eslovaco
Publicado em: Bratislava 2022
Tags: Adicionar Tag
Sem tags, seja o primeiro a adicionar uma tag!

MARC

LEADER 00000nbm a2200000 4500
001 0285255
005 20230403103107.4
041 0 |a slo 
044 |a SK 
245 1 0 |a Ekonomické krízy a migrácia  |b bakalárska práca  |c Kristián Herda ; školiteľ: Andrej Kiner 
264 1 |a Bratislava  |c 2022 
300 |a 36 s. 
100 1 |a Herda, Kristián 
700 1 |a Kiner, Andrej, 1996- 
710 2 |a Fakulta medzinárodných vzťahov EU. Katedra medzinárodných ekonomických vzťahov a hospodárskej diplomacie